01088cam a22002771 450000100060000000300080000600500170001400800410003103500190007203500180009104000440010904100080015308200210016110000270018224501360020926000430034530000270038849000650041550400200048065000340050065100410053483000730057594200120064899900170066095201330067734385BD-RjUL20211209052142.0140517t1952 enk b 001 0 eng d a(BD-RjUL)34479 a(OCoLC)261392 aDLCcODaWUdNcRSdUkdDLCdBD-RjULbeng aeng04a323.33bTRP 19521 aTrouton, Ruth.910456010aPeasant renaissance in Yugoslavia, 1900-1950 :ba study of the development of Yugoslavia peasant society as affected by education / aLondon :bRoutledge & K. Paul.,c1952. axiii, 344 p. ;c22 cm.1 aInternational library of sociology and social reconstruction aincludes index, 0aPeasantszYugoslavia.9104561 0aYugoslaviaxSocial conditions.967241 aInternational library of sociology and social reconstruction9104567 2ddccBK c34385d34385 00102ddc40718NFICaRUCLbRUCLcReadingd0000-00-00eN/Ag28.00l0o323.33 TRP 1952r2014-05-17 00:00:00tC-1w2014-05-17yBK